[Event "CFriend AP-2004-Q-00019 email"]
[Site "Chessfriend.com"]
[Date "2004.09.24"]
[Round "1"]
[White "Strashnikov, Georg"]
[Black "Viera, Zulema"]
[Result "0-1"]
[WhiteElo "1677"]
[BlackElo "1993"]
[PlyCount "28"]
[EventDate "2004.??.??"]
[EventType "tourn (corr)"]
[EventRounds "12"]
[SourceTitle "Corr 2024"]
[Source "ChessBase"]
[SourceDate "2023.10.19"]
[SourceVersion "1"]
[SourceVersionDate "2023.10.19"]
[SourceQuality "1"]

1. d4 Nf6 2. Nc3 d5 3. g3 Bf5 4. Bg2 e6 5. Bg5 Be7 6. h4 Nc6 7. Nf3 Ne4 8. Nxe4 Bxe4 9. Bh3 Bxf3 10. Bxe7 Qxe7 11. exf3 Qb4+ 12. c3 Qxb2 13. Qc1 Qxc1+ 14. Rxc1 0-0-0 0-1